Statistiche per Geografia per immagini - C

Clicka qui per fare il quiz!

Statistiche generali

  • Questo quiz è stato fatto 2.560 volte
  • Il punteggio medio è 11 su 18

Statistiche sulle risposte

Risposta% Corretto
Colosseo
97%
Cipro
96%
Cina
95%
Cuba
85%
California
83%
Caspio
83%
Canale
80%
Catalogna
74%
Creta
68%
Canyon
62%
Canada
60%
Cervino
59%
Chicago
57%
Croazia
44%
{Chichen} Itza
34%
Copenaghen
34%
Città del Capo
18%
Chengdu
11%

Distribuzione punteggi

Percentile per numero di risposta

Percentuale di utenti per punteggio

I tuoi punteggi nel tempo

Non hai fatto questo quiz